000 00583nam a2200193Ia 4500
005 20250326142837.0
008 250326s9999 xx 000 0 und d
020 _a0-19-565048-4
037 _aTextbook
040 _aFMSL
_beng
_cFMSL
041 _aeng
_2eng
084 _aX:533.1 N8
_qFMSL
100 _aBhagwati J
_9738675
245 0 _aStream of windows: unsetting reflection on trade immigrations & democracy
_cBhagwati J
260 _aNew Delhi
_bNew Delhi, Oxford University
_c1999
300 _a530p
942 _cTB
_hX:533.1 N8
999 _c1296903
_d1296903